000
00289nam a2200109Ia 4500
008
220204s9999 xx 000 0 und d
082
_a
07(540)
_b
ALL
245
0
_a
What ails the Indian press? Diagonsis and remedies
260
_a
Delhi
_b
Somaiya
_c
1970
650
_a
Indian press
942
_c
BK
999
_c
31143
_d
31143